000 00640nam a2200241Ia 4500
005 20250425162738.0
008 250425s9999 xx 000 0 und d
020 _a0812931181
041 _aeng
082 _a658.155
100 _aSLYWOTZKY, ADRIAN J.
245 0 _aPROFIT PATTERNS 30 WAYS TO ANTICIPATE AND PROFIT FROM STRATEGIC FORCES RESHAPING YOUR BUSINESS
250 _a1ST ED.
260 _aEstados Unidos
_bTIMES BUSINESS
_c1999
260 _aNEW YORK
300 _a432
650 _aCOMPETICION
650 _aEXITO EMPRESARIAL
650 _aNEGOCIOS
710 _aTIMES BUSINESS
942 _c01
010 _a104533
999 _c235557
_d235557